[Event "ODJM A 2025"]
[Site "Willingen GER"]
[Date "2025.06.08"]
[Round "2"]
[White "Mimkes, Pavel"]
[Black "Bergmann, Lennart"]
[Result "1-0"]
[Termination "normal"]
[Board "9"]
[WhiteElo "2064"]
[BlackElo "1860"]
[WhiteClock "00:02:26"]
[BlackClock "00:01:35"]
[PlyCount "119"]
[WhiteFideId "12990833"]
[BlackFideId "16270657"]
[EventCountry "GER"]
[EventRounds "9"]
[EventType "swiss"]
[EventDate "2025.06.07"]

1. b3 {[%clk 01:30:56]} {[%emt 00:00:04]} Nf6 {[%clk 01:29:39]} {[%emt
00:01:21]} 2. Bb2 {[%clk 01:31:21]} {[%emt 00:00:07]} g6 {[%clk 01:30:02]}
{[%emt 00:00:07]} 3. Nf3 {[%clk 01:31:45]} {[%emt 00:00:04]} Bg7 {[%clk
01:30:26]} {[%emt 00:00:04]} 4. g3 {[%clk 01:32:12]} {[%emt 00:00:04]} d6
{[%clk 01:29:07]} {[%emt 00:01:49]} 5. d4 {[%clk 01:32:33]} {[%emt 00:00:10]}
O-O {[%clk 01:28:40]} {[%emt 00:00:57]} 6. Bg2 {[%clk 01:32:58]} {[%emt
00:00:05]} Re8 {[%clk 01:28:42]} {[%emt 00:00:28]} 7. O-O {[%clk 01:32:05]}
{[%emt 00:01:23]} c6 {[%clk 01:28:17]} {[%emt 00:00:54]} 8. c4 {[%clk
01:25:21]} {[%emt 00:07:14]} Nbd7 {[%clk 01:28:06]} {[%emt 00:00:41]} 9. Nc3
{[%clk 01:24:51]} {[%emt 00:01:00]} e5 {[%clk 01:27:42]} {[%emt 00:00:53]} 10.
dxe5 {[%clk 01:24:26]} {[%emt 00:00:56]} dxe5 {[%clk 01:28:10]} {[%emt
00:00:03]} 11. Qc2 {[%clk 01:23:16]} {[%emt 00:01:39]} a5 {[%clk 01:24:07]}
{[%emt 00:04:33]} 12. Rfd1 {[%clk 01:22:06]} {[%emt 00:01:39]} Qc7 {[%clk
01:23:51]} {[%emt 00:00:47]} 13. Ne1 {[%clk 01:11:00]} {[%emt 00:11:36]} Nc5
{[%clk 01:22:45]} {[%emt 00:01:36]} 14. a3 {[%clk 01:07:44]} {[%emt 00:03:47]}
Qb6 {[%clk 01:19:51]} {[%emt 00:03:23]} 15. Na4 {[%clk 00:45:52]} {[%emt
00:22:23]} Nxa4 {[%clk 01:19:17]} {[%emt 00:01:03]} 16. bxa4 {[%clk 00:46:16]}
{[%emt 00:00:06]} Bf5 {[%clk 01:17:52]} {[%emt 00:01:54]} 17. e4 {[%clk
00:42:04]} {[%emt 00:04:43]} Bg4 {[%clk 01:11:20]} {[%emt 00:07:02]} 18. Rdb1
{[%clk 00:39:34]} {[%emt 00:03:00]} Qc7 {[%clk 01:10:18]} {[%emt 00:01:32]} 19.
Bc3 {[%clk 00:37:58]} {[%emt 00:02:06]} Nd7 {[%clk 01:06:04]} {[%emt 00:04:43]}
20. Rb2 {[%clk 00:36:56]} {[%emt 00:01:32]} Nc5 {[%clk 01:02:09]} {[%emt
00:04:25]} 21. Bd2 {[%clk 00:34:24]} {[%emt 00:03:02]} Red8 {[%clk 00:54:23]}
{[%emt 00:08:16]} 22. Be3 {[%clk 00:32:55]} {[%emt 00:02:00]} Bf8 {[%clk
00:54:29]} {[%emt 00:00:23]} 23. Rab1 {[%clk 00:32:47]} {[%emt 00:00:38]} Rab8
{[%clk 00:53:43]} {[%emt 00:01:16]} 24. Bf1 {[%clk 00:27:52]} {[%emt 00:05:26]}
Qd7 {[%clk 00:49:48]} {[%emt 00:04:24]} 25. f3 {[%clk 00:21:34]} {[%emt
00:06:48]} Be6 {[%clk 00:46:28]} {[%emt 00:03:50]} 26. Be2 {[%clk 00:20:54]}
{[%emt 00:01:11]} f6 {[%clk 00:42:11]} {[%emt 00:04:47]} 27. Rd1 {[%clk
00:17:58]} {[%emt 00:03:25]} Qc7 {[%clk 00:41:24]} {[%emt 00:01:17]} 28. Kg2
{[%clk 00:17:52]} {[%emt 00:00:35]} Rxd1 {[%clk 00:41:02]} {[%emt 00:00:52]}
29. Qxd1 {[%clk 00:17:02]} {[%emt 00:01:19]} Rd8 {[%clk 00:40:59]} {[%emt
00:00:36]} 30. Qc2 {[%clk 00:16:27]} {[%emt 00:01:04]} Qd7 {[%clk 00:35:29]}
{[%emt 00:06:00]} 31. Rb1 {[%clk 00:16:25]} {[%emt 00:00:31]} Bf7 {[%clk
00:30:07]} {[%emt 00:05:52]} 32. Rd1 {[%clk 00:08:37]} {[%emt 00:08:18]} Qc7
{[%clk 00:30:13]} {[%emt 00:00:24]} 33. Rxd8 {[%clk 00:01:55]} {[%emt
00:07:13]} Qxd8 {[%clk 00:30:03]} {[%emt 00:00:39]} 34. h4 {[%clk 00:01:17]}
{[%emt 00:01:08]} Ne6 {[%clk 00:22:03]} {[%emt 00:08:30]} 35. Nd3 {[%clk
00:01:23]} {[%emt 00:00:24]} Nd4 {[%clk 00:22:17]} {[%emt 00:00:16]} 36. Bxd4
{[%clk 00:01:27]} {[%emt 00:00:26]} Qxd4 {[%clk 00:22:34]} {[%emt 00:00:13]}
37. c5 {[%clk 00:00:54]} {[%emt 00:01:03]} f5 {[%clk 00:18:57]} {[%emt
00:04:07]} 38. exf5 gxf5 {[%clk 00:19:26]} 39. f4 {[%clk 00:00:38]} {[%emt
00:00:47]} e4 {[%clk 00:19:31]} {[%emt 00:00:25]} 40. Ne5 {[%clk 00:00:38]}
{[%emt 00:00:31]} Bxc5 {[%clk 00:19:51]} {[%emt 00:00:10]} 41. Qc1 {[%clk
00:15:19]} {[%emt 00:15:47]} Qf2+ {[%clk 00:29:14]} {[%emt 00:21:07]} 42. Kh3
{[%clk 00:15:25]} {[%emt 00:00:24]} Bd5 {[%clk 00:29:35]} {[%emt 00:00:10]} 43.
Bc4 {[%clk 00:07:27]} {[%emt 00:08:28]} Qd4 {[%clk 00:20:06]} {[%emt 00:09:59]}
44. Be2 {[%clk 00:06:53]} {[%emt 00:01:02]} b6 {[%clk 00:16:11]} {[%emt
00:04:26]} 45. Ba6 {[%clk 00:02:57]} {[%emt 00:04:27]} e3 {[%clk 00:10:36]}
{[%emt 00:06:05]} 46. Bd3 {[%clk 00:02:49]} {[%emt 00:00:37]} Be4 {[%clk
00:09:24]} {[%emt 00:01:42]} 47. Bc4+ {[%clk 00:01:58]} {[%emt 00:01:21]} Kg7
{[%clk 00:09:19]} {[%emt 00:00:35]} 48. h5 {[%clk 00:02:02]} {[%emt 00:00:26]}
Qd2 {[%clk 00:08:41]} {[%emt 00:01:09]} 49. Qf1 {[%clk 00:01:49]} {[%emt
00:00:43]} Bxa3 {[%clk 00:04:25]} {[%emt 00:04:47]} 50. Be2 {[%clk 00:01:59]}
{[%emt 00:00:19]} Bb4 {[%clk 00:02:45]} {[%emt 00:02:10]} 51. Nf3 {[%clk
00:01:46]} {[%emt 00:00:43]} Bxf3 {[%clk 00:02:24]} {[%emt 00:00:51]} 52. Qxf3
{[%clk 00:02:09]} {[%emt 00:00:06]} Qd5 {[%clk 00:02:00]} {[%emt 00:00:55]} 53.
h6+ {[%clk 00:01:41]} {[%emt 00:00:58]} Kf6 {[%clk 00:01:48]} {[%emt 00:00:41]}
54. Qf1 {[%clk 00:02:01]} {[%emt 00:00:10]} Bc3 {[%clk 00:01:55]} {[%emt
00:00:24]} 55. Bf3 {[%clk 00:01:20]} {[%emt 00:01:10]} Qd2 {[%clk 00:02:00]}
{[%emt 00:00:25]} 56. Qc4 {[%clk 00:01:37]} {[%emt 00:00:14]} c5 {[%clk
00:01:48]} {[%emt 00:00:42]} 57. Qg8 {[%clk 00:01:50]} {[%emt 00:00:16]} e2
{[%clk 00:00:56]} {[%emt 00:01:23]} 58. Qf8+ {[%clk 00:01:55]} {[%emt
00:00:24]} Kg6 {[%clk 00:01:19]} {[%emt 00:00:08]} 59. Bh5+ {[%clk 00:02:01]}
{[%emt 00:00:23]} Kxh5 {[%clk 00:01:35]} {[%emt 00:00:15]} 60. Qxf5+ {[%clk
00:02:26]} {[%emt 00:00:05]} 1-0

[Event "ODJM A 2025"]
[Site "Willingen GER"]
[Date "2025.06.08"]
[Round "2"]
[White "Beckmann, Jonathan"]
[Black "Longo, Massimo"]
[Result "0-1"]
[Termination "normal"]
[Board "10"]
[WhiteElo "1904"]
[BlackElo "2081"]
[WhiteClock "00:00:56"]
[BlackClock "00:02:29"]
[PlyCount "76"]
[WhiteFideId "34672591"]
[BlackFideId "16205227"]
[EventCountry "GER"]
[EventRounds "9"]
[EventType "swiss"]
[EventDate "2025.06.07"]

1. d4 {[%clk 01:30:57]} {[%emt 00:00:02]} Nf6 {[%clk 01:30:53]} {[%emt
00:00:06]} 2. c4 {[%clk 01:31:23]} {[%emt 00:00:10]} e6 {[%clk 01:31:20]} 3.
Nc3 {[%clk 01:31:48]} {[%emt 00:00:03]} Bb4 {[%clk 01:31:46]} {[%emt 00:00:04]}
4. f3 {[%clk 01:32:13]} {[%emt 00:00:05]} c5 {[%clk 01:31:47]} {[%emt
00:00:29]} 5. d5 {[%clk 01:32:08]} {[%emt 00:00:35]} b5 {[%clk 01:32:10]}
{[%emt 00:00:07]} 6. e4 {[%clk 01:30:46]} {[%emt 00:01:51]} d6 {[%clk
01:32:35]} {[%emt 00:00:05]} 7. Bd2 {[%clk 01:22:42]} {[%emt 00:08:35]} bxc4
{[%clk 01:29:50]} {[%emt 00:03:15]} 8. Bxc4 {[%clk 01:21:08]} {[%emt 00:02:03]}
O-O {[%clk 01:25:47]} {[%emt 00:04:34]} 9. Nge2 {[%clk 01:18:15]} {[%emt
00:03:22]} e5 {[%clk 01:23:30]} {[%emt 00:02:48]} 10. O-O {[%clk 01:11:54]}
{[%emt 00:06:49]} Nfd7 {[%clk 01:20:55]} {[%emt 00:03:08]} 11. a3 {[%clk
01:03:40]} {[%emt 00:08:44]} Ba5 {[%clk 01:20:05]} {[%emt 00:01:20]} 12. g3
{[%clk 00:49:22]} {[%emt 00:14:46]} Nb6 {[%clk 01:17:05]} {[%emt 00:03:31]} 13.
Bd3 {[%clk 00:44:42]} {[%emt 00:05:09]} c4 {[%clk 01:13:25]} {[%emt 00:04:10]}
14. Bc2 {[%clk 00:45:02]} {[%emt 00:00:11]} Bh3 {[%clk 01:07:56]} {[%emt
00:05:58]} 15. Rf2 {[%clk 00:43:42]} {[%emt 00:01:50]} f5 {[%clk 01:00:53]}
{[%emt 00:07:32]} 16. f4 {[%clk 00:34:44]} {[%emt 00:09:28]} fxe4 {[%clk
00:39:27]} {[%emt 00:21:58]} 17. Bxe4 {[%clk 00:34:22]} {[%emt 00:00:50]} N8d7
{[%clk 00:38:10]} {[%emt 00:01:47]} 18. Be3 {[%clk 00:28:35]} {[%emt 00:06:18]}
Nf6 {[%clk 00:31:54]} {[%emt 00:06:46]} 19. Bf3 {[%clk 00:26:35]} {[%emt
00:02:29]} Nbd7 {[%clk 00:26:54]} {[%emt 00:05:32]} 20. Qa4 {[%clk 00:19:08]}
{[%emt 00:07:56]} Bb6 {[%clk 00:21:26]} {[%emt 00:05:59]} 21. Bxb6 {[%clk
00:16:13]} {[%emt 00:03:26]} Nxb6 {[%clk 00:20:00]} {[%emt 00:01:55]} 22. Qc2
{[%clk 00:14:39]} {[%emt 00:02:05]} Ng4 {[%clk 00:19:57]} {[%emt 00:00:31]} 23.
Bxg4 {[%clk 00:13:56]} {[%emt 00:01:14]} Bxg4 {[%clk 00:20:22]} {[%emt
00:00:05]} 24. Ne4 {[%clk 00:12:18]} {[%emt 00:02:07]} Bxe2 {[%clk 00:17:46]}
{[%emt 00:03:07]} 25. Qxe2 {[%clk 00:11:56]} {[%emt 00:00:51]} exf4 {[%clk
00:14:44]} {[%emt 00:03:33]} 26. gxf4 {[%clk 00:11:52]} {[%emt 00:00:34]} Qe7
{[%clk 00:12:17]} {[%emt 00:02:57]} 27. Re1 {[%clk 00:08:58]} {[%emt 00:03:24]}
Rae8 {[%clk 00:12:13]} {[%emt 00:00:33]} 28. Qh5 {[%clk 00:05:46]} {[%emt
00:03:42]} g6 {[%clk 00:06:48]} {[%emt 00:05:55]} 29. Qd1 {[%clk 00:04:47]}
{[%emt 00:01:29]} Qh4 {[%clk 00:03:22]} {[%emt 00:03:56]} 30. Ng5 {[%clk
00:02:47]} {[%emt 00:02:30]} Rxe1+ {[%clk 00:02:47]} {[%emt 00:01:06]} 31. Qxe1
{[%clk 00:03:11]} {[%emt 00:00:05]} Qg4+ {[%clk 00:03:12]} {[%emt 00:00:06]}
32. Kh1 {[%clk 00:03:18]} {[%emt 00:00:23]} Nxd5 {[%clk 00:03:09]} {[%emt
00:00:33]} 33. Qe4 {[%clk 00:02:10]} {[%emt 00:01:37]} Qd1+ {[%clk 00:02:45]}
{[%emt 00:00:56]} 34. Kg2 {[%clk 00:02:31]} {[%emt 00:00:08]} Qg4+ {[%clk
00:03:13]} {[%emt 00:00:02]} 35. Kh1 {[%clk 00:02:49]} {[%emt 00:00:12]} Nxf4
{[%clk 00:01:27]} {[%emt 00:02:16]} 36. Qxc4+ {[%clk 00:00:32]} {[%emt
00:02:47]} d5 {[%clk 00:01:44]} {[%emt 00:00:12]} 37. Qc7 {[%clk 00:00:31]}
{[%emt 00:00:32]} Qd1+ {[%clk 00:02:03]} {[%emt 00:00:11]} 38. Rf1 {[%clk
00:00:56]} {[%emt 00:00:05]} Qxf1# {[%clk 00:02:29]} {[%emt 00:00:04]} 0-1

[Event "ODJM A 2025"]
[Site "Willingen GER"]
[Date "2025.06.08"]
[Round "2"]
[White "Köhler, Lukas"]
[Black "Zhang, Onno"]
[Result "1/2-1/2"]
[Termination "normal"]
[Board "11"]
[WhiteElo "2043"]
[BlackElo "1859"]
[WhiteClock "00:35:58"]
[BlackClock "01:06:41"]
[PlyCount "40"]
[WhiteFideId "16221990"]
[BlackFideId "34643397"]
[EventCountry "GER"]
[EventRounds "9"]
[EventType "swiss"]
[EventDate "2025.06.07"]

1. e4 {[%clk 01:30:57]} {[%emt 00:00:04]} c5 {[%clk 01:30:54]} {[%emt
00:00:05]} 2. Nf3 {[%clk 01:31:19]} {[%emt 00:00:10]} d6 {[%clk 01:31:17]}
{[%emt 00:00:06]} 3. d4 {[%clk 01:31:34]} {[%emt 00:00:15]} cxd4 {[%clk
01:31:37]} {[%emt 00:00:10]} 4. Nxd4 {[%clk 01:32:00]} {[%emt 00:00:04]} Nf6
{[%clk 01:31:54]} {[%emt 00:00:20]} 5. Nc3 {[%clk 01:32:09]} {[%emt 00:00:14]}
a6 {[%clk 01:32:15]} {[%emt 00:00:08]} 6. Bg5 {[%clk 01:32:02]} {[%emt
00:00:37]} e6 {[%clk 01:32:17]} {[%emt 00:00:29]} 7. f4 {[%clk 01:32:12]}
{[%emt 00:00:20]} Be7 {[%clk 01:32:35]} {[%emt 00:00:11]} 8. Qf3 {[%clk
01:32:24]} {[%emt 00:00:19]} O-O {[%clk 01:32:44]} {[%emt 00:00:21]} 9. O-O-O
{[%clk 01:32:22]} {[%emt 00:00:33]} Qc7 {[%clk 01:32:52]} {[%emt 00:00:20]} 10.
g4 {[%clk 01:26:42]} {[%emt 00:06:10]} Nbd7 {[%clk 01:30:34]} {[%emt 00:02:48]}
11. Bg2 {[%clk 01:17:12]} {[%emt 00:10:01]} Rb8 {[%clk 01:29:16]} {[%emt
00:01:47]} 12. Bxf6 {[%clk 01:15:05]} {[%emt 00:02:39]} Nxf6 {[%clk 01:27:52]}
{[%emt 00:01:53]} 13. g5 {[%clk 01:14:50]} {[%emt 00:00:45]} Nd7 {[%clk
01:27:16]} {[%emt 00:01:04]} 14. Rhe1 {[%clk 01:05:41]} {[%emt 00:09:40]} b5
{[%clk 01:26:30]} {[%emt 00:01:16]} 15. Kb1 {[%clk 00:56:55]} {[%emt 00:09:16]}
Bb7 {[%clk 01:24:35]} {[%emt 00:02:25]} 16. h4 {[%clk 00:54:08]} {[%emt
00:03:17]} Nc5 {[%clk 01:22:11]} {[%emt 00:02:54]} 17. Qe3 {[%clk 00:50:54]}
{[%emt 00:03:44]} Rfc8 {[%clk 01:18:16]} {[%emt 00:04:25]} 18. h5 {[%clk
00:42:59]} {[%emt 00:08:26]} e5 {[%clk 01:08:52]} {[%emt 00:09:54]} 19. Nf5
{[%clk 00:41:32]} {[%emt 00:01:57]} exf4 {[%clk 01:07:12]} {[%emt 00:02:10]}
20. Qxf4 {[%clk 00:35:58]} {[%emt 00:06:04]} Ne6 {[%clk 01:06:41]} {[%emt
00:01:00]} 1/2-1/2

[Event "ODJM A 2025"]
[Site "Willingen GER"]
[Date "2025.06.08"]
[Round "2"]
[White "Uhlmann, Tim"]
[Black "Brau, Luca"]
[Result "0-1"]
[Termination "normal"]
[Board "12"]
[WhiteElo "2118"]
[BlackElo "1911"]
[WhiteClock "00:08:24"]
[BlackClock "00:01:57"]
[PlyCount "116"]
[WhiteFideId "16239210"]
[BlackFideId "34680756"]
[EventCountry "GER"]
[EventRounds "9"]
[EventType "swiss"]
[EventDate "2025.06.07"]

1. e4 {[%clk 01:30:57]} {[%emt 00:00:02]} c5 {[%clk 01:29:51]} {[%emt
00:01:11]} 2. Nc3 {[%clk 01:31:16]} {[%emt 00:00:08]} Nc6 {[%clk 01:29:29]}
{[%emt 00:00:52]} 3. Bb5 {[%clk 01:31:41]} {[%emt 00:00:07]} e6 {[%clk
01:22:15]} {[%emt 00:03:32]} 4. Bxc6 {[%emt 00:04:53]} bxc6 {[%clk 01:22:00]}
{[%emt 00:00:03]} 5. d4 {[%clk 01:30:24]} {[%emt 00:02:16]} d5 {[%clk
01:19:34]} {[%emt 00:02:55]} 6. dxc5 {[%clk 01:22:49]} {[%emt 00:08:06]} Bxc5
{[%clk 01:17:10]} {[%emt 00:02:53]} 7. Nf3 {[%clk 01:22:45]} {[%emt 00:00:35]}
Ba6 {[%clk 01:14:50]} {[%emt 00:02:50]} 8. e5 {[%clk 01:19:35]} {[%emt
00:03:40]} Ne7 {[%clk 01:05:29]} {[%emt 00:09:51]} 9. Na4 {[%clk 01:13:58]}
{[%emt 00:06:07]} Bb6 {[%clk 00:58:40]} {[%emt 00:07:19]} 10. Nxb6 {[%clk
01:09:11]} {[%emt 00:05:17]} axb6 {[%clk 00:58:19]} {[%emt 00:00:50]} 11. Nd4
{[%clk 01:07:07]} {[%emt 00:02:35]} c5 {[%clk 00:51:01]} {[%emt 00:07:48]} 12.
Ne2 {[%clk 01:07:00]} {[%emt 00:00:37]} Ng6 {[%clk 00:49:39]} {[%emt 00:01:51]}
13. f4 {[%clk 01:06:15]} {[%emt 00:01:15]} d4 {[%clk 00:46:22]} {[%emt
00:03:48]} 14. O-O {[%clk 01:05:31]} {[%emt 00:01:14]} Qd5 {[%clk 00:42:40]}
{[%emt 00:04:11]} 15. Rf2 {[%clk 01:03:20]} {[%emt 00:02:41]} Bb7 {[%clk
00:40:04]} {[%emt 00:01:33]} 16. Ng3 {[%clk 01:01:20]} {[%emt 00:04:04]} Kd7
{[%clk 00:31:26]} {[%emt 00:09:08]} 17. Qg4 {[%clk 00:53:26]} {[%emt 00:08:24]}
Ne7 {[%clk 00:19:47]} {[%emt 00:12:06]} 18. Qxg7 {[%clk 00:46:36]} {[%emt
00:07:23]} h5 {[%clk 00:15:09]} {[%emt 00:05:08]} 19. f5 {[%clk 00:38:31]}
{[%emt 00:08:35]} exf5 {[%clk 00:12:03]} {[%emt 00:03:36]} 20. Nxf5 {[%clk
00:36:01]} {[%emt 00:03:00]} Nxf5 {[%clk 00:12:04]} {[%emt 00:00:30]} 21. Rxf5
{[%clk 00:36:02]} {[%emt 00:00:28]} Raf8 {[%clk 00:10:36]} {[%emt 00:01:56]}
22. Qg3 {[%clk 00:31:14]} {[%emt 00:05:19]} Qe4 {[%clk 00:06:56]} {[%emt
00:04:08]} 23. Rf4 {[%clk 00:26:51]} {[%emt 00:04:56]} Qxc2 {[%clk 00:05:37]}
{[%emt 00:01:48]} 24. Rf2 {[%clk 00:15:23]} {[%emt 00:11:58]} Qe4 {[%clk
00:03:55]} {[%emt 00:02:08]} 25. h4 {[%clk 00:13:39]} {[%emt 00:02:19]} Rhg8
{[%clk 00:03:12]} {[%emt 00:01:11]} 26. Bg5 {[%clk 00:13:59]} {[%emt 00:00:11]}
Bd5 {[%clk 00:02:25]} {[%emt 00:01:17]} 27. Rf6 {[%clk 00:12:51]} {[%emt
00:01:38]} Be6 {[%clk 00:02:30]} {[%emt 00:00:23]} 28. Re1 {[%clk 00:10:25]}
{[%emt 00:02:57]} Qd5 {[%clk 00:02:47]} {[%emt 00:00:10]} 29. b3 {[%clk
00:08:49]} {[%emt 00:02:10]} Ra8 {[%clk 00:02:51]} {[%emt 00:00:24]} 30. Rf2
{[%clk 00:08:34]} {[%emt 00:00:46]} b5 {[%clk 00:01:44]} {[%emt 00:01:37]} 31.
Rd2 {[%clk 00:06:08]} {[%emt 00:02:57]} Ra3 {[%clk 00:01:17]} {[%emt 00:00:52]}
32. Rc1 {[%clk 00:01:48]} {[%emt 00:04:55]} Rga8 {[%clk 00:00:49]} {[%emt
00:00:54]} 33. Qd3 {[%clk 00:00:59]} {[%emt 00:01:23]} Qc6 {[%clk 00:00:36]}
{[%emt 00:00:43]} 34. Qe2 {[%clk 00:00:45]} {[%emt 00:00:44]} Kc7 {[%emt
00:00:36]} 35. Rxd4 {[%clk 00:00:41]} {[%emt 00:00:32]} Rxa2 {[%clk 00:00:49]}
{[%emt 00:00:13]} 36. Qf3 {[%clk 00:00:38]} {[%emt 00:00:32]} Qxf3 {[%clk
00:00:43]} {[%emt 00:00:36]} 37. gxf3 {[%clk 00:01:05]} {[%emt 00:00:03]} Ra1
{[%clk 00:00:33]} {[%emt 00:00:39]} 38. Rdd1 {[%clk 00:00:48]} {[%emt
00:00:48]} Rxc1 {[%clk 00:00:44]} {[%emt 00:00:20]} 39. Rxc1 {[%clk 00:01:14]}
{[%emt 00:00:04]} c4 {[%clk 00:00:34]} {[%emt 00:00:40]} 40. f4 {[%clk
00:00:45]} {[%emt 00:00:59]} Ra2 {[%clk 00:00:35]} {[%emt 00:00:28]} 41. Kf1
{[%clk 00:23:07]} {[%emt 00:08:08]} Kb6 {[%clk 00:23:39]} {[%emt 00:07:23]} 42.
bxc4 {[%clk 00:23:30]} {[%emt 00:00:11]} b4 {[%clk 00:20:04]} {[%emt 00:04:05]}
43. Rb1 {[%clk 00:19:28]} {[%emt 00:04:32]} Bxc4+ {[%clk 00:19:34]} {[%emt
00:00:59]} 44. Ke1 {[%clk 00:19:47]} {[%emt 00:00:10]} b3 {[%clk 00:15:17]}
{[%emt 00:04:47]} 45. Kd1 {[%clk 00:12:42]} {[%emt 00:07:35]} Rh2 {[%clk
00:09:46]} {[%emt 00:05:57]} 46. Kc1 {[%clk 00:12:30]} {[%emt 00:00:47]} Rc2+
{[%clk 00:09:37]} {[%emt 00:00:37]} 47. Kd1 {[%clk 00:12:28]} {[%emt 00:00:33]}
Be2+ {[%clk 00:09:43]} {[%emt 00:00:24]} 48. Ke1 {[%clk 00:12:54]} {[%emt
00:00:05]} b2 {[%clk 00:05:28]} {[%emt 00:04:44]} 49. f5 {[%clk 00:13:23]}
{[%emt 00:00:01]} Kc6 {[%clk 00:04:17]} {[%emt 00:01:37]} 50. e6 {[%clk
00:13:20]} {[%emt 00:00:38]} f6 {[%clk 00:00:32]} {[%emt 00:04:14]} 51. Be3
{[%clk 00:07:03]} {[%emt 00:06:47]} Bd3 {[%clk 00:00:34]} {[%emt 00:00:27]} 52.
Rd1 {[%clk 00:05:55]} {[%emt 00:01:40]} Re2+ {[%clk 00:00:49]} {[%emt
00:00:12]} 53. Kf1 {[%clk 00:06:25]} {[%emt 00:00:02]} Rxe3+ {[%clk 00:00:56]}
{[%emt 00:00:22]} 54. Kf2 {[%clk 00:06:50]} {[%emt 00:00:05]} Re2+ {[%clk
00:01:12]} {[%emt 00:00:13]} 55. Kf3 {[%clk 00:07:06]} {[%emt 00:00:16]} b1=Q
{[%clk 00:00:43]} {[%emt 00:00:58]} 56. Rxb1 {[%clk 00:07:28]} {[%emt
00:00:09]} Bxb1 {[%clk 00:01:07]} {[%emt 00:00:06]} 57. Kxe2 {[%clk 00:07:55]}
{[%emt 00:00:02]} Bxf5 {[%clk 00:01:31]} {[%emt 00:00:06]} 58. e7 {[%clk
00:08:24]} {[%emt 00:00:01]} Kd7 {[%clk 00:01:57]} {[%emt 00:00:05]} 0-1

[Event "ODJM A 2025"]
[Site "Willingen GER"]
[Date "2025.06.08"]
[Round "2"]
[White "Krause, Enrico"]
[Black "Mimkes, Antal"]
[Result "0-1"]
[Termination "normal"]
[Board "13"]
[WhiteElo "1792"]
[BlackElo "2074"]
[WhiteClock "00:19:36"]
[BlackClock "00:34:59"]
[PlyCount "64"]
[WhiteFideId "34618490"]
[BlackFideId "16265963"]
[EventCountry "GER"]
[EventRounds "9"]
[EventType "swiss"]
[EventDate "2025.06.07"]

1. c4 {[%clk 01:30:57]} {[%emt 00:00:03]} f5 {[%clk 01:30:07]} {[%emt
00:00:52]} 2. Nc3 {[%clk 01:31:20]} {[%emt 00:00:08]} Nf6 {[%clk 01:30:26]}
{[%emt 00:00:13]} 3. d4 {[%clk 01:31:43]} {[%emt 00:00:05]} g6 {[%clk
01:30:36]} {[%emt 00:00:20]} 4. Bg5 {[%clk 01:31:43]} {[%emt 00:00:30]} Bg7
{[%clk 01:30:45]} {[%emt 00:00:21]} 5. e3 {[%clk 01:31:27]} {[%emt 00:00:46]}
d6 {[%clk 01:31:02]} {[%emt 00:00:13]} 6. Nf3 {[%clk 01:31:03]} {[%emt
00:00:54]} O-O {[%clk 01:30:46]} {[%emt 00:00:47]} 7. Qb3 {[%clk 01:28:31]}
{[%emt 00:03:02]} Kh8 {[%clk 01:30:04]} {[%emt 00:01:13]} 8. Be2 {[%clk
01:22:57]} {[%emt 00:06:04]} Qe8 {[%clk 01:25:49]} {[%emt 00:04:45]} 9. O-O
{[%clk 01:18:42]} {[%emt 00:04:45]} Nbd7 {[%clk 01:25:03]} {[%emt 00:01:15]}
10. Rac1 {[%clk 01:12:21]} {[%emt 00:06:51]} c6 {[%clk 01:20:10]} {[%emt
00:05:24]} 11. a4 {[%clk 01:06:35]} {[%emt 00:06:17]} e5 {[%clk 01:15:38]}
{[%emt 00:05:02]} 12. dxe5 {[%clk 01:02:01]} {[%emt 00:05:04]} dxe5 {[%clk
01:15:41]} {[%emt 00:00:26]} 13. Rfd1 {[%clk 00:59:44]} {[%emt 00:02:47]} h6
{[%clk 01:11:30]} {[%emt 00:04:41]} 14. Bxf6 {[%clk 00:59:33]} {[%emt
00:00:41]} Nxf6 {[%clk 01:11:42]} {[%emt 00:00:17]} 15. Rd6 {[%clk 00:57:19]}
{[%emt 00:02:45]} Qe7 {[%clk 01:09:44]} {[%emt 00:02:28]} 16. Rcd1 {[%clk
00:53:50]} {[%emt 00:04:00]} Kh7 {[%clk 01:07:36]} {[%emt 00:02:38]} 17. c5
{[%clk 00:48:47]} {[%emt 00:05:32]} e4 {[%clk 01:05:06]} {[%emt 00:03:00]} 18.
Nd4 {[%clk 00:45:14]} {[%emt 00:04:03]} Ne8 {[%clk 00:53:07]} {[%emt 00:12:29]}
19. Ne6 {[%clk 00:38:26]} {[%emt 00:07:18]} Rf6 {[%clk 00:42:46]} {[%emt
00:10:51]} 20. Nxg7 {[%clk 00:28:04]} {[%emt 00:10:52]} Nxd6 {[%clk 00:42:26]}
{[%emt 00:00:50]} 21. cxd6 {[%clk 00:27:32]} {[%emt 00:01:01]} Qd7 {[%clk
00:36:36]} {[%emt 00:06:21]} 22. Ne8 {[%clk 00:23:41]} {[%emt 00:04:22]} Qxe8
{[%clk 00:34:18]} {[%emt 00:02:48]} 23. d7 {[%clk 00:24:04]} {[%emt 00:00:07]}
Bxd7 {[%clk 00:34:38]} {[%emt 00:00:10]} 24. Qxb7 {[%clk 00:24:25]} {[%emt
00:00:08]} Rf7 {[%clk 00:34:11]} {[%emt 00:00:58]} 25. Bc4 {[%clk 00:23:41]}
{[%emt 00:01:13]} Be6 {[%clk 00:33:52]} {[%emt 00:00:49]} 26. Qa6 {[%clk
00:22:55]} {[%emt 00:01:16]} Bxc4 {[%clk 00:33:48]} {[%emt 00:00:34]} 27. Qxc4
{[%clk 00:23:19]} {[%emt 00:00:05]} Rd7 {[%clk 00:33:55]} {[%emt 00:00:23]} 28.
Rxd7+ {[%clk 00:22:10]} {[%emt 00:01:40]} Qxd7 {[%clk 00:34:18]} {[%emt
00:00:07]} 29. g4 {[%clk 00:21:43]} {[%emt 00:00:57]} Re8 {[%clk 00:33:55]}
{[%emt 00:00:53]} 30. gxf5 {[%clk 00:20:53]} {[%emt 00:01:21]} gxf5 {[%clk
00:34:14]} {[%emt 00:00:10]} 31. Qc5 {[%clk 00:19:47]} {[%emt 00:01:35]} Rg8+
{[%clk 00:34:38]} {[%emt 00:00:06]} 32. Kh1 {[%clk 00:19:36]} {[%emt 00:00:41]}
Qg7 {[%clk 00:34:59]} {[%emt 00:00:09]} 0-1